|
|
|
|
| LEADER |
00000cam a2200000 7i4500 |
| 001 |
0000015495 |
| 005 |
20160330.0 |
| 008 |
080327 |
| 020 |
|
|
|a 9831953136
|
| 090 |
0 |
0 |
|a 158.1
|b AHM
|
| 100 |
0 |
|
|a Ahmad Marzuki Ismail
|
| 245 |
1 |
0 |
|a Penyediaan diri ke arah pembentukan modal insan
|c Ahmad Marzuki Ismail
|
| 260 |
|
|
|a Selangor :
|b KARISMA Publications ,
|c 2007
|
| 500 |
|
|
|a Teenager ages 13-18 years old (blue)
|
| 650 |
|
0 |
|a Human capital
|
| 650 |
|
0 |
|a Personality development
|
| 999 |
|
|
|a 0001018037
|b Book
|c Teenagers
|e Perbadanan Perpustakaan Awam Johor
|
| 999 |
|
|
|a 0001018039
|b Book
|c Teenagers
|e Cawangan Urban Transformation Centre
|
| 999 |
|
|
|a 0001018041
|b Book
|c Teenagers
|e Perbadanan Perpustakaan Awam Johor
|